[Event "Larsens Nordjyske Mindeturnering2018"]
[Site "KATEDRALSKOLEN AALBORG"]
[Date "2018.10.13"]
[Round "1.1"]
[White "Zachariassen, John"]
[Black "Stausholm Jepsen, Thomas"]
[Result "0-1"]
[LiveChessVersion "1.4.8"]
[BlackElo "2180"]
[WhiteElo "1911"]

1. c4 {[%clk 1:30:55]} d6 {[%clk 1:30:54]} 2. Nc3 {[%clk 1:31:13]} g6
{[%clk 1:31:10]} 3. Nf3 {[%clk 1:31:31]} Bg7 {[%clk 1:31:30]} 4. g3
{[%clk 1:31:15]} f5 {[%clk 1:31:54]} 5. Bg2 {[%clk 1:31:33]} Nf6 {[%clk 1:32:17]}
6. O-O {[%clk 1:30:47]} e5 {[%clk 1:32:30]} 7. d3 {[%clk 1:30:55]} O-O
{[%clk 1:32:45]} 8. Bg5 {[%clk 1:30:38]} h6 {[%clk 1:32:30]} 9. Bd2
{[%clk 1:30:52]} Qe8 {[%clk 1:29:21]} 10. e3 {[%clk 1:22:50]} Nc6
{[%clk 1:26:40]} 11. Nb5 {[%clk 1:22:17]} Qf7 {[%clk 1:25:30]} 12. Rc1
{[%clk 1:20:08]} a6 {[%clk 1:24:07]} 13. Nc3 {[%clk 1:17:58]} Ne7
{[%clk 1:23:53]} 14. c5 {[%clk 1:17:04]} g5 {[%clk 1:22:54]} 15. Ne2
{[%clk 1:13:45]} g4 {[%clk 1:22:32]} 16. Nh4 {[%clk 1:13:12]} d5 {[%clk 1:19:56]}
17. Bc3 {[%clk 1:06:25]} Nh7 {[%clk 1:16:56]} 18. f4 {[%clk 0:59:51]} gxf3
{[%clk 1:09:48]} 19. Nxf3 {[%clk 0:58:47]} Ng6 {[%clk 1:09:44]} 20. h4
{[%clk 0:50:01]} Qe8 {[%clk 1:02:14]} 21. c6 {[%clk 0:34:47]} bxc6
{[%clk 1:01:04]} 22. Qa4 {[%clk 0:34:21]} Rb8 {[%clk 0:48:49]} 23. b3
{[%clk 0:32:02]} Bd7 {[%clk 0:48:01]} 24. Qxa6 {[%clk 0:29:41]} Ra8
{[%clk 0:48:22]} 25. Qb7 {[%clk 0:30:00]} Rxa2 {[%clk 0:48:20]} 26. Rf2
{[%clk 0:30:23]} d4 {[%clk 0:33:28]} 27. exd4 {[%clk 0:28:00]} e4
{[%clk 0:33:34]} 28. Ne5 {[%clk 0:22:49]} Nxe5 {[%clk 0:33:26]} 29. dxe5
{[%clk 0:22:31]} e3 {[%clk 0:33:47]} 30. Rff1 {[%clk 0:20:26]} Rxe2
{[%clk 0:34:07]} 31. d4 {[%clk 0:20:26]} f4 {[%clk 0:32:39]} 32. Bf3
{[%clk 0:19:30]} Rf2 {[%clk 0:29:05]} 33. Bb4 {[%clk 0:18:46]} Qg6
{[%clk 0:28:27]} 0-1

[Event "Larsens Nordjyske Mindeturnering2018"]
[Site "KATEDRALSKOLEN AALBORG"]
[Date "2018.10.13"]
[Round "1.2"]
[White "Hammar, Bengt"]
[Black "Johan Andersen, Carl"]
[Result "1-0"]
[LiveChessVersion "1.4.8"]
[BlackElo "1900"]
[WhiteElo "2178"]

1. e4 {[%clk 1:30:51]} c6 {[%clk 1:30:44]} 2. d4 d5 3. Nc3 {[%clk 1:30:28]} dxe4
{[%clk 1:31:09]} 4. Nxe4 {[%clk 1:30:49]} Bf5 {[%clk 1:31:34]} 5. Ng3
{[%clk 1:30:48]} Bg6 {[%clk 1:32:01]} 6. N1e2 {[%clk 1:30:05]} e6
{[%clk 1:28:50]} 7. Nf4 {[%clk 1:29:26]} Bd6 {[%clk 1:29:02]} 8. c3
{[%clk 1:29:36]} Qc7 {[%clk 1:28:50]} 9. Qf3 {[%clk 1:29:47]} Nf6
{[%clk 1:27:13]} 10. h4 {[%clk 1:25:32]} Nbd7 {[%clk 1:20:30]} 11. h5
{[%clk 1:23:06]} Bf5 {[%clk 1:20:52]} 12. Nxf5 {[%clk 1:22:51]} exf5
{[%clk 1:21:19]} 13. Bd3 {[%clk 1:22:32]} O-O-O 14. Bxf5 Rhe8+ {[%clk 1:16:17]}
15. Ne2 {[%clk 1:21:41]} Kb8 {[%clk 1:16:16]} 16. Bg5 {[%clk 1:20:01]} c5
{[%clk 1:16:00]} 17. Bxd7 {[%clk 1:15:47]} Qxd7 18. Bxf6 {[%clk 1:15:36]} gxf6
{[%clk 1:15:42]} 19. O-O-O {[%clk 1:15:44]} Qe6 {[%clk 1:15:41]} 20. dxc5
{[%clk 1:14:16]} Bxc5 21. Rxd8+ {[%clk 1:11:44]} Rxd8 {[%clk 1:14:46]} 22. Kb1
{[%clk 1:11:45]} Rd2 {[%clk 1:14:26]} 23. Qf4+ {[%clk 1:12:01]} Qd6
{[%clk 1:09:40]} 24. Qxd6+ {[%clk 1:09:31]} Bxd6 {[%clk 1:10:06]} 25. Re1
{[%clk 1:09:45]} Rd5 {[%clk 1:07:18]} 26. g4 {[%clk 1:00:32]} f5 {[%clk 1:06:56]}
27. g5 {[%clk 0:56:43]} f4 {[%clk 1:06:12]} 28. Rg1 {[%clk 0:53:40]} Rd2
{[%clk 1:05:52]} 29. Nd4 {[%clk 0:49:15]} Rxf2 30. g6 fxg6 {[%clk 1:04:01]} 31.
hxg6 {[%clk 0:49:41]} hxg6 {[%clk 1:04:05]} 32. Rxg6 {[%clk 0:50:03]} Be5
{[%clk 0:58:11]} 33. Nb5 {[%clk 0:46:35]} Kc8 {[%clk 0:57:45]} 34. Re6
{[%clk 0:43:47]} Re2 {[%clk 0:57:32]} 35. Nd4 {[%clk 0:43:54]} Re1+
{[%clk 0:49:54]} 36. Kc2 {[%clk 0:44:10]} Kd7 {[%clk 0:50:12]} 37. Kd2
{[%clk 0:42:26]} Re3 {[%clk 0:49:33]} 38. Rh6 {[%clk 0:42:07]} Rg3
{[%clk 0:48:31]} 39. Rh7+ {[%clk 0:42:06]} Kc8 {[%clk 0:47:05]} 40. Ne2
{[%clk 0:38:36]} Rg2 {[%clk 0:46:54]} 41. Rf7 {[%clk 0:37:52]} Kd8
{[%clk 0:45:40]} 42. Ke1 {[%clk 0:36:09]} Ke8 {[%clk 0:41:52]} 43. Rf5
{[%clk 0:36:26]} Bc7 {[%clk 0:41:25]} 44. a4 {[%clk 0:35:52]} Ke7
{[%clk 0:41:02]} 45. b4 {[%clk 0:35:10]} a6 {[%clk 0:38:51]} 46. a5
{[%clk 0:33:16]} Ke6 {[%clk 0:35:52]} 47. Nd4+ {[%clk 0:31:32]} Ke7
{[%clk 0:34:59]} 48. Rh5 {[%clk 0:30:00]} Kf6 {[%clk 0:32:44]} 49. Rh7
{[%clk 0:25:48]} Be5 {[%clk 0:27:39]} 50. Rxb7 {[%clk 0:25:36]} Rg3 51. Ne2 Re3
{[%clk 0:07:35]} 52. Kf2 {[%clk 0:25:13]} Kf5 {[%clk 0:06:55]} 53. b5
{[%clk 0:23:35]} Ke4 {[%clk 0:29:04]} 54. bxa6 {[%clk 0:53:27]} f3
{[%clk 0:28:52]} 55. Rb4+ {[%clk 0:53:10]} Kd3 {[%clk 0:29:08]} 56. Nc1+
{[%clk 0:51:04]} Kxc3 {[%clk 0:26:34]} 57. Rb3+ {[%clk 0:48:30]} Kd2
{[%clk 0:26:35]} 58. Rxe3 {[%clk 0:48:53]} Bd4 {[%clk 0:26:54]} 59. Nb3+
{[%clk 0:49:22]} 1-0

[Event "Larsens Nordjyske Mindeturnering2018"]
[Site "KATEDRALSKOLEN AALBORG"]
[Date "2018.10.13"]
[Round "1.3"]
[White "Jacobsen, Niels"]
[Black "Jensen, Vagn"]
[Result "1/2-1/2"]
[LiveChessVersion "1.4.8"]
[BlackElo "2172"]
[WhiteElo "1883"]

1. e4 {[%clk 1:30:56]} d6 {[%clk 1:30:47]} 2. d4 {[%clk 1:31:17]} Nf6
{[%clk 1:31:10]} 3. Nc3 {[%clk 1:31:20]} c6 {[%clk 1:31:24]} 4. a4
{[%clk 1:30:57]} Qa5 {[%clk 1:30:06]} 5. Bd2 {[%clk 1:27:22]} e5 {[%clk 1:28:46]}
6. Nd5 {[%clk 1:21:11]} Qd8 {[%clk 1:28:40]} 7. Nxf6+ {[%clk 1:21:24]} Qxf6
{[%clk 1:28:42]} 8. dxe5 {[%clk 1:19:31]} dxe5 {[%clk 1:28:32]} 9. Nf3
{[%clk 1:19:40]} h6 {[%clk 1:13:04]} 10. h3 {[%clk 1:12:56]} Be6 {[%clk 1:09:38]}
11. Bd3 {[%clk 1:10:02]} Nd7 {[%clk 1:07:08]} 12. Qe2 {[%clk 1:03:25]} a5
{[%clk 1:03:09]} 13. O-O {[%clk 1:02:31]} g5 {[%clk 0:59:54]} 14. Bc4
{[%clk 1:01:20]} Be7 {[%clk 0:51:56]} 15. Rad1 {[%clk 0:59:40]} Nf8
{[%clk 0:49:02]} 16. Nxe5 {[%clk 0:50:28]} Ng6 {[%clk 0:27:19]} 17. Nxg6 Bd8
1/2-1/2

[Event "Larsens Nordjyske Mindeturnering2018"]
[Site "KATEDRALSKOLEN AALBORG"]
[Date "2018.10.13"]
[Round "1.4"]
[White "Wahlborn, Magnus"]
[Black "Falberg, Hugo"]
[Result "1-0"]
[LiveChessVersion "1.4.8"]
[BlackElo "1868"]
[WhiteElo "2159"]

1. e4 {[%clk 1:30:56]} e5 {[%clk 1:30:58]} 2. Nf3 {[%clk 1:31:17]} Nc6
{[%clk 1:31:24]} 3. Bb5 {[%clk 1:31:35]} a6 {[%clk 1:29:48]} 4. Ba4
{[%clk 1:31:50]} Nf6 {[%clk 1:29:56]} 5. O-O {[%clk 1:31:16]} Be7
{[%clk 1:30:20]} 6. Re1 {[%clk 1:28:58]} b5 {[%clk 1:30:11]} 7. Bb3
{[%clk 1:29:21]} O-O {[%clk 1:29:48]} 8. d3 {[%clk 1:29:04]} d6 {[%clk 1:29:55]}
9. c3 {[%clk 1:29:14]} Na5 {[%clk 1:29:44]} 10. Bc2 {[%clk 1:29:35]} c5
{[%clk 1:29:34]} 11. Nbd2 {[%clk 1:29:18]} Nc6 {[%clk 1:26:42]} 12. Nf1
{[%clk 1:26:35]} Re8 {[%clk 1:26:23]} 13. Ne3 {[%clk 1:24:46]} Bf8
{[%clk 1:25:43]} 14. a3 {[%clk 1:14:42]} g6 {[%clk 1:20:10]} 15. b4
{[%clk 1:10:19]} Qc7 {[%clk 1:15:29]} 16. Bb2 {[%clk 1:06:08]} Bb7
{[%clk 1:12:00]} 17. Bb3 {[%clk 1:02:11]} Nd8 {[%clk 1:06:31]} 18. h3
{[%clk 0:52:08]} Ne6 {[%clk 0:59:59]} 19. Nh2 {[%clk 0:43:19]} Bg7
{[%clk 0:54:15]} 20. Nhg4 {[%clk 0:41:50]} Nxg4 {[%clk 0:48:57]} 21. hxg4
{[%clk 0:41:28]} Qe7 {[%clk 0:44:33]} 22. g3 {[%clk 0:40:22]} Bh6
{[%clk 0:34:07]} 23. Nd5 {[%clk 0:38:24]} Bxd5 {[%clk 0:33:24]} 24. Bxd5
{[%clk 0:38:43]} Ra7 {[%clk 0:32:38]} 25. Kg2 {[%clk 0:38:18]} Bg5
{[%clk 0:27:07]} 26. Bc1 {[%clk 0:29:45]} Bxc1 {[%clk 0:27:11]} 27. Qxc1
{[%clk 0:30:06]} f6 {[%clk 0:18:35]} 28. Rh1 {[%clk 0:24:49]} Kh8
{[%clk 0:14:12]} 29. Qe3 {[%clk 0:22:58]} Nf8 {[%clk 0:11:11]} 30. a4
{[%clk 0:21:00]} Rc8 {[%clk 0:06:09]} 31. axb5 {[%clk 0:17:23]} axb5
{[%clk 0:06:23]} 32. Ra5 {[%clk 0:17:45]} Rxa5 {[%clk 0:04:16]} 33. bxa5
{[%clk 0:18:05]} g5 {[%clk 0:02:56]} 34. a6 {[%clk 0:17:38]} Qa7 {[%clk 0:02:03]}
35. Bb7 {[%clk 0:14:36]} Rc7 {[%clk 0:02:23]} 36. Rb1 {[%clk 0:14:36]} Rxb7
{[%clk 0:00:58]} 37. axb7 {[%clk 0:14:59]} Qxb7 {[%clk 0:01:26]} 38. Qe2
{[%clk 0:13:26]} Ne6 {[%clk 0:01:18]} 39. Qa2 {[%clk 0:13:34]} Nc7
{[%clk 0:00:46]} 40. Qe2 Ne8 {[%clk 0:30:00]} 1-0

[Event "Larsens Nordjyske Mindeturnering2018"]
[Site "KATEDRALSKOLEN AALBORG"]
[Date "2018.10.13"]
[Round "1.5"]
[White "S Jenssen, Ove"]
[Black "Sørensen, Bent"]
[Result "0-1"]
[LiveChessVersion "1.4.8"]
[BlackElo "2142"]
[WhiteElo "1840"]

1. e4 {[%clk 1:30:55]} e6 {[%clk 1:30:56]} 2. d4 {[%clk 1:31:16]} d5
{[%clk 1:31:22]} 3. Nd2 {[%clk 1:31:30]} Be7 {[%clk 1:31:46]} 4. e5
{[%clk 1:30:46]} c5 {[%clk 1:31:57]} 5. c3 {[%clk 1:31:04]} Nc6 {[%clk 1:32:00]}
6. Bb5 {[%clk 1:27:45]} Bd7 {[%clk 1:27:07]} 7. Bxc6 {[%clk 1:27:54]} bxc6
{[%clk 1:26:01]} 8. Qg4 {[%clk 1:27:03]} g6 {[%clk 1:25:07]} 9. Ne2
{[%clk 1:19:17]} cxd4 {[%clk 1:23:02]} 10. cxd4 {[%clk 1:19:00]} c5
{[%clk 1:23:14]} 11. O-O {[%clk 1:18:14]} h5 {[%clk 1:19:52]} 12. Qh3
{[%clk 1:13:20]} Qc7 {[%clk 1:19:05]} 13. f4 {[%clk 1:12:17]} Bb5
{[%clk 1:17:18]} 14. Re1 {[%clk 1:10:13]} Bxe2 {[%clk 1:16:39]} 15. Rxe2
{[%clk 1:10:33]} Nh6 {[%clk 1:16:45]} 16. dxc5 {[%clk 1:04:11]} Bxc5+
{[%clk 1:16:01]} 17. Kh1 {[%clk 1:04:02]} Nf5 {[%clk 1:15:39]} 18. Nb3
{[%clk 1:03:39]} Bb6 {[%clk 1:14:34]} 19. Bd2 {[%clk 1:02:10]} a5
{[%clk 1:11:23]} 20. Rc1 {[%clk 1:00:51]} Qb7 {[%clk 1:10:21]} 21. Be1
{[%clk 0:54:20]} O-O {[%clk 1:07:35]} 22. Rec2 {[%clk 0:49:02]} a4
{[%clk 0:57:33]} 23. Nc5 {[%clk 0:37:54]} Bxc5 {[%clk 0:57:18]} 24. Rxc5
{[%clk 0:38:14]} Qxb2 {[%clk 0:56:24]} 25. R5c2 {[%clk 0:38:25]} Qd4
{[%clk 0:56:14]} 26. Qf3 {[%clk 0:36:36]} a3 {[%clk 0:51:06]} 27. Bf2
{[%clk 0:36:20]} Qa4 {[%clk 0:50:57]} 28. Rc3 {[%clk 0:33:35]} Rfb8
{[%clk 0:45:46]} 29. Bc5 {[%clk 0:28:10]} Nd4 {[%clk 0:44:56]} 30. Qf2
{[%clk 0:26:36]} Nb5 {[%clk 0:45:13]} 31. Rb3 {[%clk 0:24:27]} Rb7
{[%clk 0:35:50]} 32. Rcb1 {[%clk 0:23:11]} Rab8 {[%clk 0:32:34]} 33. Bxa3
{[%clk 0:21:41]} Ra8 {[%clk 0:28:25]} 34. Bc5 {[%clk 0:18:17]} Qc4
{[%clk 0:23:30]} 35. Rb4 {[%clk 0:15:40]} Rxa2 {[%clk 0:17:53]} 36. Rxc4
{[%clk 0:15:42]} Rxf2 {[%clk 0:18:04]} 37. Rcb4 {[%clk 0:16:00]} d4
{[%clk 0:15:03]} 38. Bxd4 {[%clk 0:14:47]} Rxf4 {[%clk 0:14:27]} 39. Be3
{[%clk 0:11:07]} Rxb4 {[%clk 0:14:16]} 40. Rxb4 {[%clk 0:11:28]} Nd6
{[%clk 0:11:47]} 41. Rxb7 {[%clk 0:06:45]} Nxb7 {[%clk 0:11:46]} 42. Bb6
{[%clk 0:07:05]} Kf8 {[%clk 0:11:54]} 43. Kg1 {[%clk 0:06:56]} Ke7
{[%clk 0:12:16]} 44. Kf2 {[%clk 0:07:16]} Kd7 {[%clk 0:12:32]} 45. Ke3
{[%clk 0:07:05]} Kc6 {[%clk 0:12:06]} 46. Bd4 {[%clk 0:07:17]} Kd5
{[%clk 0:12:14]} 47. h3 {[%clk 0:06:21]} Na5 {[%clk 0:08:46]} 48. Bc3
{[%clk 0:05:54]} Nc6 {[%clk 0:07:53]} 49. Kf4 {[%clk 0:05:37]} Kc4
{[%clk 0:01:40]} 50. Bb2 {[%clk 0:27:32]} Nb4 {[%clk 0:30:46]} 51. Ke4
{[%clk 0:27:26]} Nd5 {[%clk 0:30:28]} 52. g3 {[%clk 0:25:07]} Nc3+
{[%clk 0:29:51]} 53. Ke3 {[%clk 0:24:16]} Kd4+ 0-1

[Event "Larsens Nordjyske Mindeturnering2018"]
[Site "KATEDRALSKOLEN AALBORG"]
[Date "2018.10.13"]
[Round "1.6"]
[White "Åke Malmdin, Nils"]
[Black "Finn Pedersen, Kurt"]
[Result "1-0"]
[LiveChessVersion "1.4.8"]
[BlackElo "1813"]
[WhiteElo "2141"]

1. e4 {[%clk 1:30:53]} c5 {[%clk 1:30:51]} 2. Nf3 {[%clk 1:31:06]} Nc6
{[%clk 1:31:08]} 3. b3 {[%clk 1:29:08]} d6 {[%clk 1:29:51]} 4. Bb2
{[%clk 1:29:17]} Nf6 {[%clk 1:30:02]} 5. d3 {[%clk 1:26:39]} g6 {[%clk 1:29:54]}
6. h3 {[%clk 1:26:06]} Bg7 {[%clk 1:30:06]} 7. g4 {[%clk 1:25:59]} O-O
{[%clk 1:29:54]} 8. Bg2 {[%clk 1:25:50]} e5 {[%clk 1:28:35]} 9. O-O
{[%clk 1:24:00]} Be6 {[%clk 1:25:31]} 10. Nbd2 {[%clk 1:23:55]} Nd4
{[%clk 1:23:23]} 11. Nh2 {[%clk 1:09:47]} Nd7 {[%clk 1:19:49]} 12. Nc4
{[%clk 1:06:24]} Qe7 {[%clk 1:18:26]} 13. Ne3 {[%clk 1:02:25]} Rac8
{[%clk 1:15:07]} 14. c3 {[%clk 0:54:06]} Nc6 {[%clk 1:14:50]} 15. Qe2
{[%clk 0:53:57]} b5 {[%clk 1:14:09]} 16. Rae1 {[%clk 0:51:33]} b4
{[%clk 1:13:34]} 17. Nd5 {[%clk 0:50:16]} Qd8 {[%clk 1:11:42]} 18. cxb4
{[%clk 0:46:02]} cxb4 {[%clk 1:08:53]} 19. Qd2 {[%clk 0:39:36]} a5
{[%clk 1:08:01]} 20. Rc1 {[%clk 0:37:21]} Nc5 {[%clk 1:04:15]} 21. f4
{[%clk 0:32:11]} exf4 {[%clk 1:02:53]} 22. Bxg7 {[%clk 0:32:01]} Kxg7
{[%clk 1:03:07]} 23. Nxf4 {[%clk 0:31:04]} Qb6 {[%clk 0:54:43]} 24. d4
{[%clk 0:26:07]} Nb7 {[%clk 0:52:00]} 25. Nf3 {[%clk 0:25:29]} Ne7
{[%clk 0:47:48]} 26. Kh1 {[%clk 0:20:46]} Rxc1 {[%clk 0:42:28]} 27. Re1 Rd1 28.
Rxd1 {[%clk 0:20:46]} Rc8 {[%clk 0:42:33]} 29. Rf1 {[%clk 0:18:49]} Rc3
{[%clk 0:41:46]} 30. Ne2 {[%clk 0:17:43]} Rc8 {[%clk 0:40:55]} 31. d5
{[%clk 0:17:24]} Bd7 {[%clk 0:41:04]} 32. Qb2+ {[%clk 0:17:11]} Kg8
{[%clk 0:40:46]} 33. Ng5 {[%clk 0:16:52]} 1-0

[Event "Larsens Nordjyske Mindeturnering2018"]
[Site "KATEDRALSKOLEN AALBORG"]
[Date "2018.10.14"]
[Round "2.1"]
[White "Ogaard, Leif"]
[Black "Aubert, Carsten"]
[Result "1-0"]
[LiveChessVersion "1.4.8"]
[BlackElo "1997"]
[WhiteElo "2386"]

1. c4 {[%clk 1:30:50]} e6 {[%clk 1:30:21]} 2. Nc3 {[%clk 1:30:44]} Nf6
{[%clk 1:29:56]} 3. Nf3 {[%clk 1:30:18]} c5 {[%clk 1:27:30]} 4. e3
{[%clk 1:29:52]} b6 {[%clk 1:21:46]} 5. d4 {[%clk 1:29:35]} cxd4 {[%clk 1:20:54]}
6. exd4 {[%clk 1:29:44]} Bb7 {[%clk 1:20:27]} 7. Bd3 {[%clk 1:29:09]} Be7
{[%clk 1:20:15]} 8. O-O {[%clk 1:28:54]} O-O {[%clk 1:20:17]} 9. d5
{[%clk 1:25:20]} Re8 {[%clk 1:08:40]} 10. a3 {[%clk 1:21:37]} d6 {[%clk 1:02:18]}
11. dxe6 {[%clk 1:19:18]} fxe6 {[%clk 1:02:39]} 12. Re1 {[%clk 1:19:16]} e5
{[%clk 1:02:00]} 13. c5 {[%clk 1:15:29]} e4 {[%clk 0:56:08]} 14. Nxe4
{[%clk 1:13:14]} Bxe4 {[%clk 0:51:55]} 15. Bxe4 {[%clk 1:11:59]} d5
{[%clk 0:51:37]} 16. Bf5 {[%clk 1:12:05]} bxc5 {[%clk 0:50:29]} 17. Be6+
{[%clk 1:11:31]} Kf8 {[%clk 0:46:47]} 18. Ng5 {[%clk 1:11:18]} h6
{[%clk 0:42:57]} 19. Qh5 {[%clk 1:11:23]} Nxh5 {[%clk 0:42:16]} 20. Nh7#
{[%clk 1:10:41]} 1-0

[Event "Larsens Nordjyske Mindeturnering2018"]
[Site "KATEDRALSKOLEN AALBORG"]
[Date "2018.10.14"]
[Round "2.2"]
[White "Hess, Christian"]
[Black "Nielsen, Poul Erik"]
[Result "1-0"]
[LiveChessVersion "1.4.8"]
[BlackElo "1987"]
[WhiteElo "2225"]

1. Nf3 {[%clk 1:30:50]} d5 {[%clk 1:30:23]} 2. c4 {[%clk 1:30:55]} c6
{[%clk 1:30:16]} 3. e3 {[%clk 1:30:28]} Nf6 {[%clk 1:29:46]} 4. Nc3
{[%clk 1:30:40]} e6 {[%clk 1:24:07]} 5. b3 {[%clk 1:28:45]} Bd6 {[%clk 1:23:00]}
6. Bb2 {[%clk 1:28:17]} Qe7 {[%clk 1:23:03]} 7. Qc2 {[%clk 1:26:04]} Na6
{[%clk 1:19:38]} 8. a3 {[%clk 1:20:31]} O-O {[%clk 1:14:07]} 9. d4
{[%clk 1:19:08]} b6 {[%clk 1:06:02]} 10. Bd3 {[%clk 1:17:41]} h6 {[%clk 1:02:37]}
11. Qe2 {[%clk 1:13:13]} Nc7 {[%clk 0:59:52]} 12. e4 {[%clk 1:00:44]} dxe4
{[%clk 0:54:24]} 13. Nxe4 {[%clk 1:00:31]} Nxe4 {[%clk 0:51:08]} 14. Bxe4
{[%clk 1:00:00]} Bb7 {[%clk 0:47:09]} 15. Ne5 {[%clk 0:59:56]} Qe8
{[%clk 0:42:00]} 16. Qf3 {[%clk 0:54:07]} f6 {[%clk 0:34:19]} 17. Nxc6
{[%clk 0:46:04]} f5 {[%clk 0:34:26]} 18. Ne7+ {[%clk 0:46:09]} Qxe7
{[%clk 0:33:32]} 19. Bxb7 {[%clk 0:46:32]} Rab8 {[%clk 0:32:09]} 20. Bc6
{[%clk 0:38:22]} Ne8 {[%clk 0:29:47]} 21. Bxe8 {[%clk 0:38:09]} Rbxe8
{[%clk 0:29:55]} 22. O-O {[%clk 0:38:12]} g5 {[%clk 0:25:59]} 23. b4
{[%clk 0:33:31]} g4 {[%clk 0:24:31]} 24. Qc3 {[%clk 0:33:46]} Kh7
{[%clk 0:23:23]} 25. Rae1 {[%clk 0:31:12]} Rg8 {[%clk 0:21:07]} 26. c5
{[%clk 0:30:19]} bxc5 {[%clk 0:15:59]} 27. bxc5 {[%clk 0:30:37]} Bb8
{[%clk 0:13:35]} 28. d5 {[%clk 0:29:24]} Bxh2+ {[%clk 0:08:45]} 29. Kxh2
{[%clk 0:29:26]} Qh4+ {[%clk 0:09:08]} 30. Kg1 {[%clk 0:29:48]} g3
{[%clk 0:01:29]} 31. fxg3 {[%clk 0:29:59]} Rxg3 {[%clk 0:01:54]} 32. Rf3
{[%clk 0:22:49]} Rg4 {[%clk 0:00:58]} 33. Rxe6 {[%clk 0:17:29]} Reg8
{[%clk 0:01:04]} 34. Re2 {[%clk 0:15:54]} Qg5 {[%clk 0:00:53]} 35. Qc2
{[%clk 0:14:38]} 1-0

[Event "Larsens Nordjyske Mindeturnering2018"]
[Site "KATEDRALSKOLEN AALBORG"]
[Date "2018.10.14"]
[Round "2.3"]
[White "Scheicher Christensen, Jan"]
[Black "Pedersen, Børge"]
[Result "1-0"]
[LiveChessVersion "1.4.8"]
[BlackElo "1964"]
[WhiteElo "2207"]

1. d4 {[%clk 1:23:52]} Nf6 {[%clk 1:29:32]} 2. Nf3 {[%clk 1:23:37]} d6
{[%clk 1:28:57]} 3. Nc3 {[%clk 1:23:18]} c6 {[%clk 1:26:06]} 4. e4
{[%clk 1:23:21]} Bg4 {[%clk 1:25:58]} 5. h3 {[%clk 1:23:08]} Bxf3
{[%clk 1:26:07]} 6. Qxf3 {[%clk 1:23:11]} Qc7 {[%clk 1:25:08]} 7. g4
{[%clk 1:17:58]} g6 {[%clk 1:20:24]} 8. Bc4 {[%clk 1:15:36]} h6 {[%clk 1:14:57]}
9. Bf4 {[%clk 1:14:51]} e5 {[%clk 1:03:30]} 10. Bxe5 {[%clk 1:14:09]} dxe5
{[%clk 1:03:43]} 11. Qxf6 {[%clk 1:14:27]} Rh7 {[%clk 1:00:21]} 12. Qxe5+
{[%clk 1:08:08]} Qxe5 {[%clk 1:00:29]} 13. dxe5 {[%clk 1:08:34]} b5
{[%clk 0:54:58]} 14. Nxb5 {[%clk 1:08:44]} f6 {[%clk 0:52:57]} 15. exf6
{[%clk 1:07:51]} Rb7 {[%clk 0:52:52]} 16. f7+ {[%clk 1:06:00]} Ke7
{[%clk 0:52:51]} 17. Nd4 {[%clk 1:06:13]} Rb4 {[%clk 0:51:02]} 18. b3
{[%clk 1:05:21]} Bg7 {[%clk 0:51:03]} 19. O-O-O {[%clk 1:04:55]} 1-0

[Event "Larsens Nordjyske Mindeturnering2018"]
[Site "KATEDRALSKOLEN AALBORG"]
[Date "2018.10.14"]
[Round "2.4"]
[White "Jensen, Vagn"]
[Black "O Andersen, Per"]
[Result "1-0"]
[LiveChessVersion "1.4.8"]
[BlackElo "1952"]
[WhiteElo "2172"]

1. e4 {[%clk 1:29:22]} c5 {[%clk 1:30:33]} 2. Nf3 {[%clk 1:29:39]} e6
{[%clk 1:30:50]} 3. d4 {[%clk 1:29:55]} cxd4 {[%clk 1:31:10]} 4. Nxd4
{[%clk 1:30:19]} Nc6 {[%clk 1:31:26]} 5. Nc3 {[%clk 1:29:43]} Qc7
{[%clk 1:31:35]} 6. Be2 {[%clk 1:24:02]} a6 {[%clk 1:30:11]} 7. a3
{[%clk 1:19:35]} Nf6 {[%clk 1:26:26]} 8. Be3 {[%clk 1:18:09]} Be7
{[%clk 1:23:00]} 9. f4 {[%clk 1:15:40]} d6 {[%clk 1:20:16]} 10. O-O
{[%clk 1:15:05]} O-O {[%clk 1:18:52]} 11. Kh1 {[%clk 1:12:32]} Bd7
{[%clk 1:12:35]} 12. Qe1 Ne8 {[%clk 0:51:27]} 13. Qg3 {[%clk 1:05:09]} Bf6
{[%clk 0:49:30]} 14. Rad1 {[%clk 1:00:28]} Nxd4 {[%clk 0:37:49]} 15. Bxd4
{[%clk 1:00:38]} Bxd4 {[%clk 0:37:44]} 16. Rxd4 {[%clk 1:00:56]} Bc6
{[%clk 0:36:19]} 17. Rfd1 {[%clk 0:38:37]} Rd8 {[%clk 0:29:06]} 18. Qh4
{[%clk 0:37:01]} Kh8 {[%clk 0:22:25]} 19. R4d3 f5 {[%clk 0:19:18]} 20. e5
{[%clk 0:30:15]} d5 {[%clk 0:16:22]} 21. Bh5 {[%clk 0:27:10]} Rd7
{[%clk 0:15:26]} 22. Bg6 {[%clk 0:23:51]} h6 {[%clk 0:15:27]} 23. Ne2
{[%clk 0:23:49]} Bb5 {[%clk 0:14:24]} 24. Rc3 {[%clk 0:22:02]} Qd8 25. Qxd8
{[%clk 0:21:31]} Rxd8 {[%clk 0:15:05]} 26. Nd4 {[%clk 0:21:04]} Bd7
{[%clk 0:14:40]} 27. g4 {[%clk 0:19:09]} Rc8 {[%clk 0:12:01]} 28. Rxc8
{[%clk 0:14:38]} Bxc8 {[%clk 0:12:30]} 29. gxf5 {[%clk 0:14:48]} Nc7
{[%clk 0:12:21]} 30. Rd3 {[%clk 0:12:30]} exf5 {[%clk 0:09:36]} 31. Rc3
{[%clk 0:12:19]} Nb5 {[%clk 0:04:08]} 32. Nxb5 {[%clk 0:06:32]} axb5
{[%clk 0:04:29]} 33. Rc7 {[%clk 0:06:45]} Be6 {[%clk 0:01:15]} 34. Re7
{[%clk 0:05:27]} Bg8 {[%clk 0:01:13]} 35. Rxb7 {[%clk 0:03:47]} Bh7
{[%clk 0:01:20]} 36. Bf7 {[%clk 0:02:50]} Bg8 {[%clk 0:01:12]} 37. Bxg8
{[%clk 0:02:04]} Kxg8 {[%clk 0:01:39]} 38. Rxb5 {[%clk 0:02:18]} Rd8
{[%clk 0:01:21]} 39. Rb7 {[%clk 0:02:05]} d4 {[%clk 0:00:57]} 40. e6
{[%clk 0:02:08]} Re8 {[%clk 0:01:08]} 41. e7 {[%clk 0:29:22]} g5 {[%clk 0:31:21]}
42. fxg5 {[%clk 0:28:14]} hxg5 {[%clk 0:31:39]} 43. Rb5 {[%clk 0:27:30]} Rxe7
{[%clk 0:26:29]} 44. Rxf5 {[%clk 0:25:42]} Re1+ {[%clk 0:26:39]} 45. Kg2
{[%clk 0:25:56]} Re2+ {[%clk 0:27:04]} 46. Rf2 {[%clk 0:26:10]} Re7
{[%clk 0:23:04]} 47. Rd2 {[%clk 0:25:44]} Rb7 {[%clk 0:21:50]} 48. b3
{[%clk 0:25:30]} Rc7 {[%clk 0:22:12]} 49. Kf3 {[%clk 0:25:08]} Rc3+
{[%clk 0:22:17]} 50. Ke4 {[%clk 0:23:58]} d3 {[%clk 0:22:39]} 51. Rxd3
{[%clk 0:24:08]} Rxc2 {[%clk 0:23:00]} 52. Rg3 {[%clk 0:23:43]} Rxh2
{[%clk 0:21:19]} 53. Rxg5+ {[%clk 0:23:46]} Kf7 54. Kd4 Ke7 {[%clk 0:19:19]} 55.
a4 {[%clk 0:20:32]} Kd7 {[%clk 0:19:12]} 56. b4 {[%clk 0:20:24]} Kc7
{[%clk 0:19:25]} 57. Kc5 {[%clk 0:20:19]} Kb7 {[%clk 0:17:18]} 58. Rg7+
{[%clk 0:18:03]} Kb8 {[%clk 0:17:26]} 59. b5 {[%clk 0:17:31]} Rh4
{[%clk 0:13:44]} 60. Kb6 {[%clk 0:16:06]} Rh6+ {[%clk 0:14:05]} 61. Ka5
{[%clk 0:16:23]} Rh4 {[%clk 0:11:21]} 62. b6 {[%clk 0:14:19]} Rf4
{[%clk 0:11:04]} 63. Kb5 {[%clk 0:13:51]} Rh4 {[%clk 0:09:17]} 64. a5
{[%clk 0:10:45]} Rh5+ {[%clk 0:08:35]} 65. Ka6 {[%clk 0:10:57]} Rh8
{[%clk 0:08:36]} 66. Rg5 {[%clk 0:10:40]} Rf8 {[%clk 0:08:35]} 67. Kb5
{[%clk 0:10:40]} Rh8 {[%clk 0:08:39]} 68. a6 {[%clk 0:10:37]} Rf8
{[%clk 0:08:36]} 69. a7+ {[%clk 0:10:29]} Ka8 {[%clk 0:06:22]} 70. Ka6
{[%clk 0:09:43]} 1-0